Statistiques concernant Antoine célèbres

Cliquez ici pour prendre le quiz!

Statistiques générales

  • Ce quiz a été pris 190 fois
  • Le résultat moyen est 4 sur 10

Statistiques - réponses

DescriptifRéponse% Correct
Aviateur mais aussi auteur de la troisième œuvre littéraire la plus traduite de tous les temps.de Saint-Exupéry
85%
Footballeur français champion du monde en 2018.Griezmann
82%
Présentateur du Grand Journal de Canal+ entre 2013 et 2015 et de la cérémonie des Césars du cinéma à 10 reprises.de Caunes
81%
Vidéaste français, notamment connu pour l'émission humoristique What the Cut !?.Daniel
61%
Le père de la chimie moderne. Découvre la composition de l'air, de l'eau, et invente notamment les mots "oxygène" et "azote".Lavoisier
59%
Agronome et hygiéniste ayant "la patate".Parmentier
33%
Créateur et présentateur de la série de documentaires de voyage J'irai dormir chez vous.de Maximy
32%
Peintre rococo, célèbre pour ses représentations de fêtes galantes, notamment Pèlerinage à l'île de Cythère.Watteau
9%
Auteur d'Un singe en hiver, associé au mouvement littéraire des Hussards.Blondin
6%
Peintre baroque flamand, reconnu pour ses qualités de portraitiste.Van Dyck
2%

Distribution des résultats

Percentile par nombre de réponses

% des personnes avec chaque résultat

Votre développement - résultats

Vous n’avez pas pris ce quiz